[Event "SZFO-ch"]
[Site "St Petersburg"]
[Date "2009.03.29"]
[Round "9"]
[White "Lavrinovich, Denis"]
[Black "Zhikharev, Valeriy"]
[Result "0-1"]
[WhiteElo "2108"]
[BlackElo "2188"]
[PlyCount "56"]
[EventDate "2009.03.23"]
[EventType "swiss"]
[EventRounds "9"]
[EventCountry "RUS"]
[SourceTitle "EXT 2010"]
[Source "ChessBase"]
[SourceDate "2010.11.25"]
[SourceVersion "1"]
[SourceVersionDate "2010.11.25"]
[SourceQuality "1"]

1. e4 e6 2. d4 d5 3. Nd2 Nc6 4. c3 e5 5. exd5 Qxd5 6. dxe5 Nxe5 7. Ngf3 Nd3+ 8. Bxd3 Qxd3 9. Qe2+ Qxe2+ 10. Kxe2 b6 11. Re1 Ba6+ 12. c4 0-0-0 13. Kf1 Nh6 14. a3 g6 15. Rb1 Bg7 16. b3 Rd3 17. Ne4 Rxb3 18. Rxb3 Bxc4+ 19. Kg1 Bxb3 20. Bf4 Nf5 21. Rc1 c5 22. g4 Nd4 23. Nxd4 Bxd4 24. Nd6+ Kd7 25. Nb5 Bf6 26. Nxa7 Ra8 27. Nb5 Kc6 28. Nd6 Rxa3 0-1

[Event "SZFO-ch"]
[Site "St Petersburg"]
[Date "2009.03.28"]
[Round "8"]
[White "Maslyakov, Sergey"]
[Black "Lavrinovich, Denis"]
[Result "1/2-1/2"]
[WhiteElo "2108"]
[BlackElo "2108"]
[PlyCount "113"]
[EventDate "2009.03.23"]
[EventType "swiss"]
[EventRounds "9"]
[EventCountry "RUS"]
[SourceTitle "EXT 2010"]
[Source "ChessBase"]
[SourceDate "2010.11.25"]
[SourceVersion "1"]
[SourceVersionDate "2010.11.25"]
[SourceQuality "1"]

1. e4 e6 2. b3 d5 3. Bb2 c5 4. exd5 exd5 5. d4 cxd4 6. Nf3 Bb4+ 7. Nbd2 Bc3 8. Bb5+ Nc6 9. Qe2+ Qe7 10. 0-0-0 Qxe2 11. Bxe2 Nge7 12. Bxc3 dxc3 13. Nb1 0-0 14. Nxc3 Rd8 15. Nb5 Bf5 16. Kb2 a6 17. Nbd4 Bg6 18. Nh4 Rac8 19. Nxg6 hxg6 20. Bf3 Rc7 21. Rd2 Ne5 22. Bd1 Rdc8 23. f4 N5c6 24. Re1 Kf8 25. Bg4 Rd8 26. c3 Nc8 27. Bf3 N6e7 28. Nc2 Nb6 29. a4 Rdc8 30. Rd3 Nd7 31. Bg4 Nc5 32. Rh3 f5 33. Be2 Kf7 34. c4 Kf6 35. Ne3 d4 36. Nc2 Nc6 37. Rd1 Re7 38. Bf1 Rd8 39. a5 Red7 40. Rf3 d3 41. Ne3 Nd4 42. Rf2 Ne4 43. Rfd2 Nxd2 44. Rxd2 Nc6 45. Nd5+ Kf7 46. b4 Ne7 47. Nb6 Rd4 48. g3 Ng8 49. Bg2 Nf6 50. Bxb7 Ne4 51. Kc1 Nxd2 52. Kxd2 Re8 53. Bf3 Rh8 54. h4 g5 55. fxg5 f4 56. gxf4 Rxh4 57. f5 1/2-1/2

[Event "SZFO-ch"]
[Site "St Petersburg"]
[Date "2009.03.23"]
[Round "1"]
[White "Kulikov, Evgeny"]
[Black "Lavrinovich, Denis"]
[Result "1-0"]
[WhiteElo "2242"]
[BlackElo "2108"]
[PlyCount "85"]
[EventDate "2009.03.23"]
[EventType "swiss"]
[EventRounds "9"]
[EventCountry "RUS"]
[SourceTitle "EXT 2010"]
[Source "ChessBase"]
[SourceDate "2010.11.25"]
[SourceVersion "1"]
[SourceVersionDate "2010.11.25"]
[SourceQuality "1"]

1. e4 c6 2. d4 d5 3. Nd2 dxe4 4. Nxe4 Bf5 5. Ng3 Bg6 6. h4 h6 7. Nf3 Nd7 8. h5 Bh7 9. Bd3 Bxd3 10. Qxd3 e6 11. Bf4 Ngf6 12. 0-0-0 Nd5 13. Bd2 Qc7 14. c4 N5f6 15. Qe2 0-0-0 16. Ne5 Nxe5 17. dxe5 Nd7 18. Bc3 Be7 19. Kc2 Nc5 20. Ne4 Nxe4 21. Qxe4 Rxd1 22. Rxd1 Bc5 23. f4 Qe7 24. g3 Bb4 25. Bxb4 Qxb4 26. Qd4 Kb8 27. Qd6+ Qxd6 28. exd6 c5 29. b4 cxb4 30. c5 Kc8 31. Kb3 Kd7 32. Kxb4 Kc6 33. a4 Rd8 34. a5 f6 35. Kc4 Re8 36. Rb1 Rb8 37. a6 b6 38. cxb6 axb6 39. a7 Ra8 40. Ra1 e5 41. fxe5 fxe5 42. d7 Kxd7 43. Kb5 1-0